| 000 | 00548nam a2200181Ia 4500 | ||
|---|---|---|---|
| 008 | 090123s9999 xx 000 0 und d | ||
| 082 | _b23385 | ||
| 100 | _aधनवटकर सुधीर | ||
| 245 | _aउगवती पूर्व | ||
| 250 | _a1 | ||
| 260 |
_bदिपाली प्रकाशन _c1993 |
||
| 300 | _a98 | ||
| 600 | _aधनवटकर सुधीर | ||
| 630 | _aउगवती पूर्व | ||
| 700 | _aधनवटकर सुधीर | ||
| 730 | _aउगवती पूर्व | ||
| 942 | _cBOOK | ||
| 999 |
_c61456 _d61456 |
||